000 00837nam a2200217Ii 4500
003 JO-AjNU
008 230605s9999||||xx |||||||||||||| ||und||
017 _a2009/9/4028
040 _aJO-AjNU
_bara
_erda
_cJO-AjNU
041 _aara
050 1 4 _aBF408.S5252.2010
100 3 _aشواهين،خير سليمان ، بدندي،شهرزاد صالح,
_eauthor
_928063
245 0 0 _aحل المشكلات باستخدام التفكير الابداعي : نماذج وتطبيقات
250 _aط1
264 3 1 _aعمان:دار المسيرة للنشر والتوزيع والطباعة ،2010
300 _a191ص
336 _atext
_btxt
_2rdacontent
337 _aunmediated
_bn
_2rdamedia
338 _avolume
_bnc
_2rdacarrier
650 4 _aالتفكير-الابداع-التفكير الابداعي-الخيال
_928064
999 _aA10838
_c14406
_d14406